000 00738nam a2200229Ia 4500
001 10775
003 GE_BSU
008 181216s||||||||xx |||||||||||||| ||und||
040 _cGE_BSU
080 _a821.353.1–311.6
100 _aქვარიანი,სიმონ
245 _aდიდი მოურავი.
245 _bრომანი.
245 _cრედ.გურამ გვერდწითელი,ჯანსულ კორძაია;მხატვ.სპ.ცინცაძე.
260 _aთბილისი.
260 _bმერანი.
260 _c1989.
300 _a351გვ;20სმ.
300 _eილ.
653 _aდიდი მოურავი.
942 _cBK
999 _c44024
_d44024